|
|
|
|
| LEADER |
00000nam0a2200000 4500 |
| 001 |
273427 |
| 005 |
20251220071621.0 |
| 035 |
|
|
|a (RuTPU)RU\TPU\book\296636
|
| 090 |
|
|
|a 273427
|
| 100 |
|
|
|a 20141027d1987 k y0rusy50 ca
|
| 101 |
0 |
|
|a rus
|
| 102 |
|
|
|a RU
|
| 105 |
|
|
|a a z 001zy
|
| 200 |
1 |
|
|a Расчетные методы в физической химии
|e межвузовский тематический сборник научных трудов
|f Калининский государственный университет ; отв. ред. Ю. Г. Папулов
|
| 210 |
|
|
|a Калинин
|c Изд-во КГУ
|d 1987
|
| 215 |
|
|
|a 140 с.
|c ил.
|
| 320 |
|
|
|a Библиография в конце статей
|
| 606 |
1 |
|
|a Физическая химия
|x Расчеты
|2 stltpush
|3 (RuTPU)RU\TPU\subj\74222
|9 86673
|
| 610 |
1 |
|
|a органические вещества
|
| 610 |
1 |
|
|a свойства
|
| 610 |
1 |
|
|a закономерности
|
| 610 |
1 |
|
|a молекулярные системы
|
| 610 |
1 |
|
|a полимерные смеси
|
| 610 |
1 |
|
|a фазовое разделение
|
| 610 |
1 |
|
|a образование
|
| 610 |
1 |
|
|a молекулы
|
| 610 |
1 |
|
|a стереохимический анализ
|
| 610 |
1 |
|
|a волокнообразующие полимеры
|
| 610 |
1 |
|
|a синтез
|
| 675 |
|
|
|a 544:51
|v 4
|
| 702 |
|
1 |
|a Папулов
|b Ю. Г.
|4 340
|
| 712 |
0 |
2 |
|7 ca
|8 rus
|a Калининский государственный университет
|c 1971-1990
|2 stltpush
|3 (RuTPU)RU\TPU\col\6821
|9 24273
|
| 801 |
|
1 |
|a RU
|b 63413507
|c 20141027
|
| 801 |
|
2 |
|a RU
|b 63413507
|c 20170113
|g RCR
|
| 942 |
|
|
|c BK
|